LEADER 04328nam 22006854a 450 001 9910451970703321 005 20200520144314.0 010 $a1-282-09717-2 010 $a9786612097171 010 $a0-262-27080-3 010 $a1-4237-4700-3 035 $a(CKB)1000000000456804 035 $a(SSID)ssj0000252327 035 $a(PQKBManifestationID)11939285 035 $a(PQKBTitleCode)TC0000252327 035 $a(PQKBWorkID)10179466 035 $a(PQKB)10908955 035 $a(MiAaPQ)EBC3338513 035 $a(OCoLC)62896609$z(OCoLC)228170817$z(OCoLC)228170818$z(OCoLC)298012741$z(OCoLC)473096397$z(OCoLC)482666840$z(OCoLC)568000512$z(OCoLC)607834031$z(OCoLC)722564391$z(OCoLC)728036948$z(OCoLC)743198158$z(OCoLC)815776377$z(OCoLC)888696928$z(OCoLC)961552589$z(OCoLC)962681983$z(OCoLC)966209416$z(OCoLC)975595906$z(OCoLC)988418022$z(OCoLC)991584304$z(OCoLC)991974784$z(OCoLC)991984787$z(OCoLC)1005638321$z(OCoLC)1013760331$z(OCoLC)1018039245$z(OCoLC)1037452475$z(OCoLC)1037925383$z(OCoLC)1038657635$z(OCoLC)1042317832$z(OCoLC)1049082239$z(OCoLC)1055403991$z(OCoLC)1057676046$z(OCoLC)1058058704$z(OCoLC)1066544542$z(OCoLC)1081193800$z(OCoLC)1083551079 035 $a(OCoLC-P)62896609 035 $a(MaCbMITP)6494 035 $a(Au-PeEL)EBL3338513 035 $a(CaPaEBR)ebr10173568 035 $a(OCoLC)62896609 035 $a(EXLCZ)991000000000456804 100 $a20050427d2005 uy 0 101 0 $aeng 135 $aurcn||||||||| 181 $ctxt 182 $cc 183 $acr 200 10$aStreet science$b[electronic resource] $ecommunity knowledge and environmental health justice /$fJason Corburn 210 $aCambridge, MA $cMIT Press$d2005 215 $a271 p. $cill 225 1 $aUrban and industrial environments 300 $aBibliographic Level Mode of Issuance: Monograph 311 $a0-262-03333-X 320 $aIncludes bibliographical references (p. [227]-256) and index. 330 $aWhen environmental health problems arise in a community, policymakers must be able to reconcile the first-hand experience of local residents with recommendations by scientists. In this highly original look at environmental health policymaking, Jason Corburn shows the ways that local knowledge can be combined with professional techniques to achieve better solutions for environmental health problems. He traces the efforts of a low-income community in Brooklyn to deal with environmental health problems in its midst and offers a framework for understanding "street science"--decision making that draws on community knowledge and contributes to environmental justice.Like many other low-income urban communities, the Greenpoint/Williamsburg neighborhood of Brooklyn suffers more than its share of environmental problems, with a concentration of polluting facilities and elevated levels of localized air pollutants. Corburn looks at four instances of street science in Greenpoint/Williamsburg, where community members and professionals combined forces to address the risks from subsistence fishing from the polluted East River, the asthma epidemic in the Latino community, childhood lead poisoning, and local sources of air pollution. These episodes highlight both the successes and the limits of street science and demonstrate ways residents can establish their own credibility when working with scientists. Street science, Corburn argues, does not devalue science; it revalues other kinds of information and democratizes the inquiry and decision making processes. 410 0$aUrban and industrial environments. 606 $aCommunities 606 $aEnvironmental health$xCitizen participation 606 $aEnvironmental health$xPublic opinion 606 $aEnvironmental justice 606 $aEnvironmental policy$xCitizen participation 608 $aElectronic books. 615 0$aCommunities. 615 0$aEnvironmental health$xCitizen participation. 615 0$aEnvironmental health$xPublic opinion. 615 0$aEnvironmental justice. 615 0$aEnvironmental policy$xCitizen participation. 676 $a362.196/98 700 $aCorburn$b Jason$0899278 801 0$bMiAaPQ 801 1$bMiAaPQ 801 2$bMiAaPQ 906 $aBOOK 912 $a9910451970703321 996 $aStreet science$92113362 997 $aUNINA LEADER 01045cam a2200301 a 4500 001 991002595019707536 008 070703s2005 enka b 001 0 eng d 020 $a0470868090 (hbk.) 035 $ab13550561-39ule_inst 040 $aDip.to Fisica$beng 082 04$a573.88198$222 084 $aLC QP383.15 084 $a617.7 245 04$aThe primate visual system :$ba comparative approach /$cedited by Jan Kremers 260 $aChichester :$bJohn Wiley,$cc2005 300 $axiii, 367 p. :$bill. ;$c26 cm 504 $aIncludes bibliographical references and index 650 0$aPrimates$xSense organs 650 0$aVisual cortex 650 0$aVisual pathways 650 0$aPrimates$xPhysiology 700 1 $aKremers, Jan 907 $a.b13550561$b28-01-14$c03-07-07 912 $a991002595019707536 945 $aLE006 617.7 KRE$g1$i2006000160643$lle006$op$pE118.61$q-$rl$s- $t0$u2$v0$w2$x0$y.i1450179x$z03-07-07 996 $aPrimate visual system$91217409 997 $aUNISALENTO 998 $ale006$b03-07-07$cm$da $e-$feng$genk$h4$i0